Manuel de Salas Corvalán (1754-1841) : Pensamiento educacional en tiempos de transición /

En el presente artículo se describen analizar algunos de los aportes que realiza don Manuel de Salas al desarrollo educacional del país, tanto en el campo de las ideas como en el campo de ideas como en el de las relaciones. El pensador en estudio vivió en un periodo de transición entra la colonia y...

Descripción completa

Detalles Bibliográficos
Autor principal: Celis Muñoz, Luis
Formato: Analitica de revista
Lenguaje:español
Publicado: Santiago, Chile Pontificia Universidad Católica de Chile 2004

MARC

LEADER 00000cab a2200000 a 4500
001 036260
003 UAHC_CL
005 20170803123955.0
008 030922s1994 cl f 000 spa
040 |a UAHC_CL  |c UAHC_CL  |d UAHC_CL 
100 1 |a Celis Muñoz, Luis 
245 1 0 |a Manuel de Salas Corvalán (1754-1841) :  |b Pensamiento educacional en tiempos de transición /  |c Luis Celis Muñoz. 
260 |b Pontificia Universidad Católica de Chile  |c 2004  |a Santiago, Chile 
300 |a p. 18-27 
500 |a En: Pensamiento educativo, nû34, 2003. p.18-27. ISSN 07171013. 
500 |a En: Pensamiento educativo, n°34, 2003. p.18-27. ISSN 07171013. 
500 |a En: Pensamiento educativo, nç34, 2003. p.18-27. ISSN 07171013. 
520 |a En el presente artículo se describen analizar algunos de los aportes que realiza don Manuel de Salas al desarrollo educacional del país, tanto en el campo de las ideas como en el campo de ideas como en el de las relaciones. El pensador en estudio vivió en un periodo de transición entra la colonia y el proceso de independencia y de los primeros intentos de organizar al país. Periodo en el cual don Manuel de Salas intento incorporar las ideas de la modernidad a la republica en formación.\En el desarrollo de este artículo se busco integrar el pensamiento educativo del autor con su visión de sociedad y su proyecto de futuro. 
520 |a En el presente artículo se describen analizar algunos de los aportes que realiza don Manuel de Salas al desarrollo educacional del país, tanto en el campo de las ideas como en el campo de ideas como en el de las relaciones. El pensador en estudio vivió en un periodo de transición entra la colonia y el proceso de independencia y de los primeros intentos de organizar al país. Periodo en el cual don Manuel de Salas intento incorporar las ideas de la modernidad a la republica en formación.\En el desarrollo de este artículo se busco integrar el pensamiento educativo del autor con su visión de sociedad y su proyecto de futuro. 
759 |a PP160 
773 0 |t Revista PRELAC  |w 041234 
900 |a PENSAMIENTO EDUCATIVO-34/04 
942 |c REVA 
952 |0 0  |1 0  |4 0  |6 PENSAMIENTO_EDUCATIVO34_04_000000000000000  |7 0  |8 General  |9 68981  |a BC  |b BC  |c General  |d 2017-08-03  |l 0  |o PENSAMIENTO EDUCATIVO-34/04  |p FICTICIO5020  |r 2019-01-08 00:00:00  |t 1  |w 2017-08-03  |y REVA 
999 |c 36260  |d 36260